[Event "IECC Swiss-570.4"]
[Site "IECC email"]
[Date "2015.02.16"]
[Round "?"]
[White "Wozniak, Zbigniew"]
[Black "Rosenstein, David"]
[Result "1-0"]
[WhiteElo "1926"]
[BlackElo "1529"]
[PlyCount "59"]
[EventDate "2015.??.??"]
[EventType "swiss (corr)"]
[EventRounds "1"]
[SourceTitle "Corr 2020"]
[Source "ChessBase"]
[SourceDate "2019.09.30"]
[SourceVersion "1"]
[SourceVersionDate "2019.09.30"]
[SourceQuality "1"]
[WhiteTeam "Poland"]
[BlackTeam "Israel"]
[WhiteTeamCountry "POL"]
[BlackTeamCountry "ISR"]

1. e4 e6 2. d4 d6 3. Nf3 h6 4. Bb5+ c6 5. Bd3 g6 6. 0-0 Bg7 7. Bf4 Ne7 8. e5 d5 9. Na3 Nd7 10. c3 b6 11. Nc2 a5 12. Qe2 Bb7 13. Ne3 c5 14. Rfd1 c4 15. Bc2 a4 16. Rab1 Qc7 17. Qd2 g5 18. Bg3 Qc6 19. h4 gxh4 20. Bxh4 Ng6 21. Bxg6 fxg6 22. Qc2 Kf7 23. Re1 a3 24. Bf6 Qa4 25. b3 cxb3 26. Rxb3 b5 27. Nh4 Nf8 28. Nxg6 Nxg6 29. Nf5 exf5 30. Qxf5 1-0

[Event "IECC KO-5083"]
[Site "IECC email"]
[Date "2013.03.19"]
[Round "?"]
[White "Rosenstein, David"]
[Black "Basson, Heinrich"]
[Result "0-1"]
[WhiteElo "1513"]
[BlackElo "1812"]
[PlyCount "60"]
[EventDate "2013.??.??"]
[EventType "match (corr)"]
[EventRounds "2"]
[SourceTitle "Telechess CBM 165"]
[Source "ChessBase"]
[SourceDate "2015.03.11"]
[SourceVersion "1"]
[SourceVersionDate "2015.03.11"]
[SourceQuality "1"]
[WhiteTeam "Israel"]
[BlackTeam "South Africa"]
[WhiteTeamCountry "ISR"]
[BlackTeamCountry "RSA"]

1. e3 d5 2. d3 e5 3. a3 Nf6 4. h3 Bd6 5. Nd2 0-0 6. b3 a5 7. Ngf3 Qe7 8. Bb2 Nc6 9. Be2 e4 10. dxe4 dxe4 11. Bxf6 gxf6 12. Nd4 Nxd4 13. exd4 Bxa3 14. Nxe4 Bb4+ 15. Nd2 Re8 16. Kf1 Bc3 17. Ra2 Bxd4 18. Ra4 Bc5 19. Re4 Be6 20. Bd3 f5 21. Rxe6 fxe6 22. Qh5 Qg7 23. g3 Qg6 24. Qf3 c6 25. Kg2 Bd4 26. Qf4 Bc3 27. Nf3 b5 28. Ne5 Qf6 29. Nxc6 a4 30. Bxb5 a3 0-1

[Event "IECC Swiss-543"]
[Site "IECC email"]
[Date "2010.05.25"]
[Round "?"]
[White "Rosenstein, David"]
[Black "Bascetta, Biagio J"]
[Result "0-1"]
[WhiteElo "1565"]
[BlackElo "1926"]
[PlyCount "100"]
[EventDate "2010.??.??"]
[EventType "match (corr)"]
[SourceTitle "Corr 2013"]
[Source "ChessBase"]
[SourceDate "2012.11.12"]
[SourceVersion "1"]
[SourceVersionDate "2012.11.12"]
[SourceQuality "1"]
[WhiteTeam "Israel"]
[BlackTeam "Italy"]
[WhiteTeamCountry "ISR"]
[BlackTeamCountry "ITA"]

1. d4 Nf6 2. g3 g6 3. Bg2 Bg7 4. Nf3 0-0 5. 0-0 d6 6. c4 Nbd7 7. Nc3 e5 8. d5 a5 9. Bg5 h6 10. Bd2 Nc5 11. Qc1 Kh7 12. b3 Re8 13. Be3 e4 14. Nd2 Bf5 15. Rb1 Qd7 16. Rd1 h5 17. a3 Kg8 18. Bxc5 dxc5 19. e3 Qe7 20. Rf1 Rad8 21. Qc2 c6 22. Rfd1 cxd5 23. Nxd5 Nxd5 24. cxd5 Rxd5 25. Nc4 Rd3 26. Bf1 b5 27. Nxa5 Rc3 28. Qa2 Qc7 29. b4 Be6 30. Qd2 Rxa3 31. Bxb5 Rb8 32. Bc4 Rxb4 33. Rxb4 cxb4 34. Qd8+ Qxd8 35. Rxd8+ Kh7 36. Bxe6 fxe6 37. Nc4 Ra1+ 38. Kg2 b3 39. Rb8 Rc1 40. Rb4 g5 41. h3 g4 42. hxg4 hxg4 43. Kh2 Kg6 44. Kg2 Kh6 45. Ra4 Bf8 46. Nb2 Rc2 47. Nd1 Rd2 48. Nc3 b2 49. Rxe4 Bg7 50. Rxe6+ Kh5 0-1

[Event "IECC Swiss-519"]
[Site "IECC email"]
[Date "2008.02.24"]
[Round "?"]
[White "Richard, Andy"]
[Black "Rosenstein, David"]
[Result "0-1"]
[WhiteElo "1037"]
[BlackElo "1589"]
[PlyCount "36"]
[EventDate "2008.??.??"]
[EventType "match (corr)"]
[SourceTitle "Corr 2013"]
[Source "ChessBase"]
[SourceDate "2012.11.12"]
[SourceVersion "1"]
[SourceVersionDate "2012.11.12"]
[SourceQuality "1"]
[WhiteTeam "India"]
[BlackTeam "Germany"]
[WhiteTeamCountry "IND"]
[BlackTeamCountry "GER"]

1. f4 d5 2. Nf3 Nf6 3. e3 g6 4. Be2 e6 5. 0-0 Bg7 6. d3 0-0 7. Nc3 c5 8. e4 d4 9. Nb1 Nc6 10. Nbd2 Nd7 11. Nc4 Qe7 12. a4 b6 13. Bd2 Ba6 14. Na3 Rab8 15. Qe1 f6 16. Qg3 Rbd8 17. Rae1 Qd6 18. Nb5 Bxb5 0-1

[Event "IECC Swiss-519.2"]
[Site "IECC email"]
[Date "2007.08.07"]
[Round "?"]
[White "Rosenstein, David"]
[Black "Szabo, Sandor"]
[Result "0-1"]
[WhiteElo "1603"]
[BlackElo "1644"]
[PlyCount "72"]
[EventDate "2007.??.??"]
[EventType "swiss (corr)"]
[EventRounds "1"]
[SourceTitle "Corr 2020"]
[Source "ChessBase"]
[SourceDate "2019.09.30"]
[SourceVersion "1"]
[SourceVersionDate "2019.09.30"]
[SourceQuality "1"]
[WhiteTeam "Israel"]
[BlackTeam "Hungary"]
[WhiteTeamCountry "ISR"]
[BlackTeamCountry "HUN"]

1. d4 d5 2. g3 c5 3. Bg2 cxd4 4. Qxd4 Nf6 5. Qd1 e5 6. Nc3 Bb4 7. a3 Bxc3+ 8. bxc3 Qc7 9. Bb2 0-0 10. Nf3 Rd8 11. 0-0 Nc6 12. Rb1 Na5 13. Nd2 Bf5 14. Qc1 b5 15. a4 a6 16. e3 Ne4 17. Nxe4 Bxe4 18. f3 Bg6 19. axb5 axb5 20. Ba3 Nc4 21. Bb4 Qb6 22. Re1 Ra2 23. Re2 e4 24. Kh1 exf3 25. Bxf3 Qf6 26. Bg2 Bh5 27. Re1 Bf3 28. Bxf3 Qxf3+ 29. Kg1 Ne5 30. Rf1 Qe4 31. Rf2 Nf3+ 32. Kf1 Ng5 33. Qd1 Re8 34. Rg2 Re6 35. Qe2 Rea6 36. Qxb5 h6 0-1

[Event "IECC Swiss-513.3"]
[Site "IECC email"]
[Date "2007.07.29"]
[Round "?"]
[White "Hassell, Graham"]
[Black "Rosenstein, David"]
[Result "1-0"]
[WhiteElo "1539"]
[BlackElo "1622"]
[PlyCount "83"]
[EventDate "2007.??.??"]
[EventType "swiss (corr)"]
[EventRounds "1"]
[SourceTitle "Corr 2020"]
[Source "ChessBase"]
[SourceDate "2019.09.30"]
[SourceVersion "1"]
[SourceVersionDate "2019.09.30"]
[SourceQuality "1"]
[WhiteTeam "England"]
[BlackTeam "Israel"]
[WhiteTeamCountry "ENG"]
[BlackTeamCountry "ISR"]

1. e4 e6 2. d4 d6 3. Nf3 h6 4. Nc3 a6 5. Bd3 Nd7 6. 0-0 b6 7. Re1 Bb7 8. Qe2 Be7 9. e5 d5 10. Bf4 c5 11. dxc5 bxc5 12. b3 g5 13. Bc1 g4 14. Nd2 h5 15. Nf1 Nxe5 16. Qxe5 Bf6 17. Qe3 Bxc3 18. Bb5+ axb5 19. Qxc3 Qf6 20. Qxc5 Rc8 21. Qxb5+ Bc6 22. Qa6 Kd7 23. Be3 Qg6 24. a4 Qxc2 25. b4 d4 26. Red1 Ra8 27. Rxd4+ Ke8 28. Qb6 Ne7 29. b5 Bd5 30. Qd6 Rd8 31. Qf4 Qg6 32. b6 Nc6 33. Rxd5 exd5 34. a5 d4 35. Bd2 Kf8 36. b7 Kg7 37. a6 Na7 38. Qe5+ Kh7 39. Qc5 Nc6 40. a7 Nxa7 41. Qxa7 Rhe8 42. Bf4 1-0

[Event "IECC Swiss-513.1"]
[Site "IECC email"]
[Date "2006.06.18"]
[Round "?"]
[White "Ralls, Richard Nelson"]
[Black "Rosenstein, David"]
[Result "1-0"]
[WhiteElo "1991"]
[BlackElo "1621"]
[PlyCount "79"]
[EventDate "2006.??.??"]
[EventType "swiss (corr)"]
[EventRounds "1"]
[SourceTitle "Corr 2020"]
[Source "ChessBase"]
[SourceDate "2019.09.30"]
[SourceVersion "1"]
[SourceVersionDate "2019.09.30"]
[SourceQuality "1"]
[WhiteTeam "United States"]
[BlackTeam "Israel"]
[WhiteTeamCountry "USA"]
[BlackTeamCountry "ISR"]

1. e4 g6 2. d4 Bg7 3. Nc3 c5 4. d5 d6 5. Nf3 Nf6 6. Bb5+ Nbd7 7. a4 a6 8. Be2 b6 9. 0-0 0-0 10. h3 h6 11. Bf4 Re8 12. Qd2 g5 13. Bg3 Nh7 14. Qe3 Bb7 15. Rad1 Kh8 16. h4 f6 17. Nd2 Rf8 18. f4 f5 19. Nb3 gxh4 20. Bxh4 fxe4 21. Nxe4 Ndf6 22. Nc3 Bc8 23. Rde1 Ra7 24. f5 Bd7 25. Bd3 Be8 26. Qh3 Rg8 27. Be2 h5 28. Ra1 Ng4 29. Bxg4 hxg4 30. Qd3 Be5 31. Bg3 Bg7 32. Nd2 Rf8 33. Nc4 Rb7 34. Bh4 Qc8 35. Rae1 Rf7 36. Ne4 Bd4+ 37. Bf2 Be5 38. Nxe5 dxe5 39. Bg3 Kg8 40. Qd1 1-0

[Event "IECC KO-5050"]
[Site "IECC email"]
[Date "2006.06.12"]
[Round "?"]
[White "Ralls, Richard Nelson"]
[Black "Rosenstein, David"]
[Result "1-0"]
[WhiteElo "1987"]
[BlackElo "1628"]
[PlyCount "55"]
[EventDate "2005.??.??"]
[EventType "match (corr)"]
[EventRounds "2"]
[SourceTitle "Corr 2020"]
[Source "ChessBase"]
[SourceDate "2019.09.30"]
[SourceVersion "1"]
[SourceVersionDate "2019.09.30"]
[SourceQuality "1"]
[WhiteTeam "United States"]
[BlackTeam "Israel"]
[WhiteTeamCountry "USA"]
[BlackTeamCountry "ISR"]

1. e4 e6 2. d4 d6 3. Nc3 a6 4. Nf3 h6 5. Bd3 Nd7 6. 0-0 b6 7. Qe2 g6 8. Bf4 Bg7 9. e5 d5 10. Nd1 Bb7 11. Ne3 c5 12. c3 c4 13. Bc2 a5 14. h4 a4 15. b3 b5 16. bxc4 bxc4 17. h5 gxh5 18. Nd2 Bf8 19. Qxh5 Be7 20. Nf5 Bf8 21. Rfe1 Bc8 22. Rab1 Ra7 23. Nd6+ Bxd6 24. exd6 Ndf6 25. Qe5 Bd7 26. Bg3 Ra8 27. Re3 Rb8 28. Rxb8 1-0

[Event "IECC Swiss email"]
[Site "IECC email"]
[Date "2003.03.30"]
[Round "?"]
[White "Cashon, John J"]
[Black "Rosenstein, David"]
[Result "1/2-1/2"]
[WhiteElo "1751"]
[BlackElo "1572"]
[PlyCount "104"]
[EventDate "2003.??.??"]
[EventType "tourn (corr)"]
[EventRounds "6"]
[SourceTitle "Corr 2008"]
[Source "ChessBase"]
[SourceDate "2008.06.24"]
[SourceVersion "1"]
[SourceVersionDate "2008.06.24"]
[SourceQuality "1"]

1. e4 e6 2. d4 d6 3. Nc3 a6 4. Nf3 h6 5. Bd3 Nd7 6. 0-0 b6 7. Be3 g6 8. d5 e5 9. Nd2 g5 10. Qf3 Ne7 11. Rae1 Bg7 12. Qg3 Ng6 13. Nb3 Nf6 14. Bd2 Nh5 15. Qe3 Nhf4 16. Ne2 Nh4 17. Nxf4 exf4 18. Qe2 Bxb2 19. c3 f3 20. gxf3 Bh3 21. Rb1 Bxf1 22. Kxf1 Ba3 23. Bxa6 0-0 24. f4 gxf4 25. Bxf4 Qf6 26. Be3 Bc5 27. Nxc5 bxc5 28. Bb7 Ra7 29. Bc6 Nf3 30. a4 Kh7 31. Qc2 Nxh2+ 32. Ke2 Qf3+ 33. Kd2 Ng4 34. e5+ Kh8 35. Qd1 Qxd1+ 36. Rxd1 Nxe3 37. Kxe3 dxe5 38. Ke4 f6 39. Kf5 Rg8 40. Kxf6 Rf8+ 41. Kg6 Rxf2 42. Re1 Rg2+ 43. Kxh6 Kg8 44. Rxe5 Rg3 45. Rg5+ Rxg5 46. Kxg5 Kf7 47. Kf4 Ke7 48. Ke5 Ra6 49. Bb5 Ra7 50. Kf4 Kd6 51. Ke4 Ra8 52. c4 Ra5 1/2-1/2

[Event "IECC Swiss email"]
[Site "IECC email"]
[Date "2003.01.04"]
[Round "?"]
[White "Rosenstein, David"]
[Black "Jordaan, Wayne"]
[Result "0-1"]
[WhiteElo "1589"]
[BlackElo "1587"]
[PlyCount "94"]
[EventDate "2003.??.??"]
[EventType "tourn (corr)"]
[EventRounds "6"]
[SourceTitle "Corr 2008"]
[Source "ChessBase"]
[SourceDate "2008.06.24"]
[SourceVersion "1"]
[SourceVersionDate "2008.06.24"]
[SourceQuality "1"]

1. d4 d5 2. g3 Bf5 3. Bg2 e6 4. Nf3 Nf6 5. 0-0 Nc6 6. c3 Be7 7. Nbd2 0-0 8. Nh4 Ne4 9. Nxf5 exf5 10. f3 Ng5 11. h4 Ne6 12. f4 g6 13. Nf3 Ng7 14. Kh2 Nh5 15. Ne5 Nf6 16. Qb3 Rb8 17. Nxc6 bxc6 18. Qa4 Qd7 19. Bf3 Ne4 20. Bxe4 fxe4 21. f5 gxf5 22. b3 Bd6 23. Bf4 a5 24. Rf2 Kh8 25. Bxd6 Qxd6 26. Rg1 Rg8 27. e3 Rg4 28. Rf4 Rxf4 29. exf4 Rb5 30. Re1 Kg7 31. a3 Qf6 32. b4 axb4 33. axb4 Rb8 34. Qa7 Rc8 35. Qb7 Qe6 36. Re3 Kf8 37. Kg1 Ke7 38. Qa7 Kd7 39. Qa6 Qg6 40. Qf1 Ra8 41. Qe2 Ra1+ 42. Kh2 Qg4 43. Qd2 Rf1 44. Qg2 Rd1 45. Qa2 Rd3 46. Qf2 Qd1 47. Re1 Qb3 0-1

[Event "IECC KO email"]
[Site "IECC email"]
[Date "2002.08.03"]
[Round "?"]
[White "Van Gimst, Herman"]
[Black "Rosenstein, David"]
[Result "0-1"]
[WhiteElo "1245"]
[BlackElo "1535"]
[PlyCount "64"]
[EventDate "2002.??.??"]
[EventType "tourn (corr)"]
[EventRounds "6"]
[SourceTitle "Corr 2008"]
[Source "ChessBase"]
[SourceDate "2008.06.24"]
[SourceVersion "1"]
[SourceVersionDate "2008.06.24"]
[SourceQuality "1"]

1. d4 d6 2. c4 e6 3. Nf3 h6 4. Nc3 a6 5. e4 Nd7 6. Bd3 b6 7. Qa4 Bb7 8. 0-0 g6 9. d5 e5 10. b4 Bg7 11. Be3 a5 12. b5 Ngf6 13. h3 Qe7 14. Qc2 0-0-0 15. Nh4 Nf8 16. Ne2 Kb8 17. f4 Nxe4 18. fxe5 Bxe5 19. Bd4 Qxh4 20. Bxe5 dxe5 21. Bxe4 f5 22. Bxf5 gxf5 23. Rxf5 Nd7 24. Kh2 Rdf8 25. Rxf8+ Rxf8 26. Ng3 Nc5 27. Nf5 Qf4+ 28. Ng3 Rg8 29. Kh1 Qxg3 30. Rf1 Qd3 31. Qc1 Qe2 32. g4 Nd3 0-1

[Event "IECC KO email"]
[Site "IECC email"]
[Date "2001.03.27"]
[Round "?"]
[White "Theofel, Heiner"]
[Black "Rosenstein, David"]
[Result "0-1"]
[WhiteElo "1463"]
[BlackElo "1518"]
[PlyCount "52"]
[EventDate "2001.??.??"]
[EventType "tourn (corr)"]
[EventRounds "6"]
[SourceTitle "Corr 2008"]
[Source "ChessBase"]
[SourceDate "2008.06.24"]
[SourceVersion "1"]
[SourceVersionDate "2008.06.24"]
[SourceQuality "1"]

1. c4 g6 2. d4 Bg7 3. Nc3 Nf6 4. e4 d6 5. Nf3 0-0 6. Be2 e5 7. d5 Bg4 8. Be3 Nbd7 9. b4 a5 10. b5 Nb6 11. Qd3 Nh5 12. g3 Nd7 13. h3 Bxf3 14. Bxf3 Nhf6 15. Na4 b6 16. Bg5 h6 17. Be3 Kh7 18. g4 Ng8 19. h4 Qe7 20. g5 f5 21. gxh6 Nxh6 22. Bg5 Qe8 23. exf5 e4 24. fxg6+ Qxg6 25. Bxe4 Rae8 26. 0-0-0 Qxe4 0-1

[Event "IECC CL5-2001.07"]
[Site "IECC email"]
[Date "2001.03.12"]
[Round "?"]
[White "Rosenstein, David"]
[Black "Philipson, Ian"]
[Result "1/2-1/2"]
[WhiteElo "1532"]
[BlackElo "1569"]
[PlyCount "44"]
[EventDate "2001.??.??"]
[EventType "tourn (corr)"]
[EventRounds "4"]
[SourceTitle "Corr 2008"]
[Source "ChessBase"]
[SourceDate "2008.06.24"]
[SourceVersion "1"]
[SourceVersionDate "2008.06.24"]
[SourceQuality "1"]

1. e3 Nf6 2. d3 c5 3. Nd2 e6 4. b3 Be7 5. Bb2 Nc6 6. h3 d5 7. Be2 0-0 8. a3 b6 9. Nf1 Bb7 10. Nh2 Rc8 11. g4 Qc7 12. Qd2 d4 13. e4 Bd6 14. Nhf3 Bf4 15. Qd1 b5 16. Bc1 Rfd8 17. Bxf4 Qxf4 18. Qd2 Qxd2+ 19. Nxd2 Ne5 20. Ngf3 Ng6 21. a4 a6 22. Ng1 Bc6 1/2-1/2

[Event "IECC CL5-1999.12"]
[Site "IECC email"]
[Date "1999.04.11"]
[Round "?"]
[White "Miller, Robert A"]
[Black "Rosenstein, David"]
[Result "1-0"]
[WhiteElo "1594"]
[BlackElo "1550"]
[PlyCount "73"]
[EventDate "1999.??.??"]
[EventType "tourn (corr)"]
[EventRounds "4"]
[SourceTitle "Corr 2008"]
[Source "ChessBase"]
[SourceDate "2008.06.24"]
[SourceVersion "1"]
[SourceVersionDate "2008.06.24"]
[SourceQuality "1"]

1. e4 g6 2. Nf3 Bg7 3. d4 e6 4. Nc3 a6 5. Bc4 d6 6. 0-0 Nd7 7. Re1 h6 8. Be3 Ne7 9. Qd2 b6 10. d5 e5 11. h3 g5 12. a4 f6 13. Ne2 Nf8 14. Ng3 h5 15. Be2 h4 16. Nf1 Nfg6 17. a5 b5 18. c4 bxc4 19. N1h2 Bd7 20. Bxc4 Qc8 21. b4 Ng8 22. Rac1 Nh6 23. Qc3 0-0 24. Be2 Bxh3 25. gxh3 Rf7 26. Bf1 Re7 27. Qd2 Nf7 28. Rc4 Nf4 29. Ng4 Nh6 30. Nxh6+ Bxh6 31. Bxf4 Rg7 32. Be3 Qf8 33. Rc6 f5 34. exf5 Qxf5 35. Nh2 Kh7 36. Ng4 e4 37. Bxa6 1-0

[Event "IECC CL5-1999.12"]
[Site "IECC email"]
[Date "1999.04.11"]
[Round "?"]
[White "Rosenstein, David"]
[Black "Cain, Charlie"]
[Result "1-0"]
[WhiteElo "1534"]
[BlackElo "1419"]
[PlyCount "45"]
[EventDate "1999.??.??"]
[EventType "tourn (corr)"]
[EventRounds "4"]
[SourceTitle "Corr 2008"]
[Source "ChessBase"]
[SourceDate "2008.06.24"]
[SourceVersion "1"]
[SourceVersionDate "2008.06.24"]
[SourceQuality "1"]

1. d3 e5 2. e3 c5 3. Nd2 d5 4. Ne2 Nf6 5. h3 Be7 6. g3 0-0 7. Bg2 Bf5 8. 0-0 Nc6 9. a3 Qd7 10. Kh2 Rfd8 11. g4 Be6 12. e4 dxe4 13. Nxe4 Nxe4 14. Bxe4 h5 15. f4 hxg4 16. f5 Bd5 17. Bxd5 Qxd5 18. Nc3 g3+ 19. Kxg3 Qd7 20. Ne4 Nd4 21. f6 gxf6 22. Kh2 Ne6 23. Qh5 1-0

[Event "IECC CL4-1999.10"]
[Site "IECC email"]
[Date "1999.01.31"]
[Round "?"]
[White "Lacey, Edward"]
[Black "Rosenstein, David"]
[Result "1/2-1/2"]
[WhiteElo "1720"]
[BlackElo "1551"]
[PlyCount "89"]
[EventDate "1999.??.??"]
[EventType "tourn (corr)"]
[EventRounds "4"]
[SourceTitle "Corr 2008"]
[Source "ChessBase"]
[SourceDate "2008.06.24"]
[SourceVersion "1"]
[SourceVersionDate "2008.06.24"]
[SourceQuality "1"]

1. e4 g6 2. c4 Bg7 3. d4 e6 4. Nf3 d6 5. Bd3 Ne7 6. Nc3 Nd7 7. 0-0 a6 8. Bg5 0-0 9. Re1 c5 10. d5 e5 11. Qd2 f6 12. Bh6 Rf7 13. Nh4 Kh8 14. Be2 Ng8 15. Bxg7+ Rxg7 16. b3 f5 17. g3 f4 18. Rf1 Nf8 19. Ng2 g5 20. Bd1 Nf6 21. Qd3 h5 22. a3 Ng6 23. b4 b6 24. bxc5 dxc5 25. Rb1 Rb8 26. Na4 Bh3 27. Rb3 h4 28. Qb1 Nd7 29. Bh5 g4 30. Bxg6 Bxg2 31. Kxg2 f3+ 32. Kg1 Rxg6 33. Nc3 Rh6 34. Qc1 Qf6 35. Nd1 Rg8 36. Ne3 Rg5 37. Nf5 Rh7 38. Qc2 Rgh5 39. Rb2 Kg8 40. Rd1 Qd8 41. Qc3 a5 42. Qe3 Qf6 43. Rdd2 Kf8 44. Kh1 Kg8 45. Qb3 1/2-1/2

[Event "IECC CL4-1999.08"]
[Site "IECC email"]
[Date "1998.12.28"]
[Round "?"]
[White "Ventimiglia, Charles"]
[Black "Rosenstein, David"]
[Result "1-0"]
[WhiteElo "1804"]
[BlackElo "1628"]
[PlyCount "37"]
[EventDate "1999.??.??"]
[EventType "tourn (corr)"]
[EventRounds "4"]
[SourceTitle "Corr 2008"]
[Source "ChessBase"]
[SourceDate "2008.06.24"]
[SourceVersion "1"]
[SourceVersionDate "2008.06.24"]
[SourceQuality "1"]

1. d4 d6 2. e4 e6 3. Nc3 a6 4. f4 Nd7 5. Nf3 Be7 6. Bd3 h6 7. Qd2 Nf8 8. Qf2 g5 9. 0-0 g4 10. Nd2 f5 11. exf5 exf5 12. Nc4 h5 13. Ne3 Nh6 14. Ncd5 Ng6 15. Re1 Be6 16. Nxe7 Nxe7 17. Qh4 Nc6 18. Qg5 Nf7 19. Qg6 1-0

[Event "IECC CL4-1999.02"]
[Site "IECC email"]
[Date "1998.11.15"]
[Round "?"]
[White "Fernandes, David Manuel da Sil"]
[Black "Rosenstein, David"]
[Result "0-1"]
[WhiteElo "1437"]
[BlackElo "1561"]
[PlyCount "26"]
[EventDate "1999.??.??"]
[EventType "tourn (corr)"]
[EventRounds "4"]
[SourceTitle "Corr 2008"]
[Source "ChessBase"]
[SourceDate "2008.06.24"]
[SourceVersion "1"]
[SourceVersionDate "2008.06.24"]
[SourceQuality "1"]

1. e4 g6 2. d4 Bg7 3. c3 e6 4. Nf3 d6 5. Be2 h6 6. 0-0 a6 7. Re1 Ne7 8. Bf4 0-0 9. e5 d5 10. c4 c6 11. c5 Nd7 12. Nc3 f5 13. exf6 Rxf6 0-1